EL RUMOR DE LOS CLÁSICOS. HISTORIAS QUE FUERON ESCRITAS PARA SER CONTADAS (Registro nro. 68712)

Detalles MARC
000 -CABECERA
campo de control de longitud fija 01001nam a22002177a 4500
008 - DATOS DE LONGITUD FIJA--INFORMACIÓN GENERAL
campo de control de longitud fija 260630b2006 mx |||||r|||| 001 0 spa d
020 ## - NÚMERO INTERNACIONAL ESTÁNDAR DEL LIBRO
Número Internacional Estándar del Libro 970-35-1092-2
040 ## - FUENTE DE LA CATALOGACIÓN
Lengua de catalogación spa
041 ## - CÓDIGO DE LENGUA
Código de lengua del texto/banda sonora o título independiente SPA
082 04 - NÚMERO DE LA CLASIFICACIÓN DECIMAL DEWEY
Número de clasificación 372.423
Número de documento/Ítem J36
100 ## - ENTRADA PRINCIPAL--NOMBRE DE PERSONA
Nombre de persona JANER MANILLA, GABRIEL
Títulos y otros términos asociados al nombre PADILLA, IGNACIO
245 ## - MENCIÓN DE TÍTULO
Título EL RUMOR DE LOS CLÁSICOS. HISTORIAS QUE FUERON ESCRITAS PARA SER CONTADAS
Resto del título VIAJES MORROCOTUDOS: CLÁSICO SECRETO
300 ## - DESCRIPCIÓN FÍSICA
Extensión 66
Dimensiones 21 cm x 13.5 cm
336 ## - TIPO DE CONTENIDO
Fuente rdacontent
Término de tipo de contenido texto
Código de tipo de contenido txt
337 ## - TIPO DE MEDIO
Fuente rdamedia
Nombre/término del tipo de medio sin mediación
Código del tipo de medio n
338 ## - TIPO DE SOPORTE
Fuente rdacarrier
Nombre/término del tipo de soporte volumen
Código del tipo de soporte nc
490 0# - MENCIÓN DE SERIE
Mención de serie VOL. 18
505 ## - NOTA DE CONTENIDO CON FORMATO
Nota de contenido con formato Janer Manila rescata la dimensión oral y corporal de los clásicos, mientras que Padilla invita a repensar qué entendemos por clásico y cómo ciertos textos olvidados pueden ser redescubiertos. Ofrecen una visión rica de la literatura como memoria viva, transmitida tanto por la voz como por la escritura.
650 ## - PUNTO DE ACCESO ADICIONAL DE MATERIA--TÉRMINO DE MATERIA
Término de materia o nombre geográfico como elemento de entrada CIENCIAS SOCIALES
Subdivisión de forma EDUCACIÓN
Subdivisión general EDUCACIÓN PRIMARIA
942 ## - ELEMENTOS DE PUNTO DE ACCESO ADICIONAL (KOHA)
Fuente del sistema de clasificación o colocación Dewey Decimal Classification
Tipo de ítem Koha General jóvenes y Adultos
Existencias
Estado de retiro Estado de pérdida Fuente del sistema de clasificación o colocación Estado dañado No para préstamo Código de colección Localización permanente Ubicación/localización actual Fecha de adquisición Fuente de adquisición Total de préstamos Signatura topográfica completa Fecha visto por última vez Número de copia Precio válido a partir de Tipo de ítem Koha
    Dewey Decimal Classification   Préstamo en Sala Colección General BFC BIBLIOTECA PÚBLICA CENTRAL ESTATAL “FRANCISCO CERVANTES” BIBLIOTECA PÚBLICA CENTRAL ESTATAL “FRANCISCO CERVANTES” 02/22/2012 DONACION   372.423 / J36 06/30/2026 EJ.1 06/30/2026 General jóvenes y Adultos